000 00424nam a22001697a 4500
003 SGT
020 _a9789388108454
082 _a616.5
_bS19K
100 _aKHOPKAR, UDAY
245 _aSKIN DISEASES AND SEXUALLY TRANSMITTED INFECTIONS
250 _a7TH
260 _aINDIA
_bCBS PUB
_c2019
300 _a391
650 _aDERMATOLOGY
653 _aSKIN DISEASES AND SEXUALLY TRANSMITTED INFECTIONS
942 _2ddc
_cBK
999 _c30502
_d30502